LEADER 01222nam a2200253 i 4500 001 000000047129 003 CaOOAMICUS 005 20250919114717.0 008 120301s1958 it u000 u ita u 040 $aSeMil$bita 100 1 $aGenicot, Léopold,$d<1914-1995>.$0(OLS)http://semarc/name/85 240 13$aLa spiritualité médiévale.$0(OLS)http://semarc/title/70849 245 13$aLa spiritualità medievale /$cdi L. Genicot. 264 1$aCatania :$bEdizioni Paoline,$c1958. 300 $a113 p. ;$c19 cm. 490 1 $aEnciclopedia cattolica dell'uomo d'oggi. Sez. 4. La vita in Dio . I mediatori ;$v40 650 4$aSpiritualità - Storia - Medioevo.$0(OLS)http://semarc/subject/2628 830 0$aEnciclopedia cattolica dell'uomo d'oggi. Sez. 4, La vita in Dio. I mediatori ;$v40.$0(OLS)http://semarc/title/401891 830 0$aEnciclopedia cattolica dell'uomo d'oggi ;$v40.$0(OLS)http://semarc/title/6174 850 $aSeMil 852 $aSeMil$W1$xVenegono$y1$m2C III 191$j13284$B13284$CSeMilBibl$Z2$F13284 $81 996 $6245$aLa spiritualità medievale$9(OLS)http://semarc/title/70848 996 $6264$aCatania :$bEdizioni Paoline$9(OLS)http://semarc/publisher/35648 LEADER 00962nam a2200241 i 4500 001 000000126512 003 CaOOAMICUS 005 20060718000000.0 008 060718s1996 it u000 u ita u 013 $a99220 040 $aSeMil$bita 100 1 $aLa Pira, Giorgio,$c.$0(OLS)http://semarc/name/6864 245 10$aArchitettura di uno stato democratico /$cGiorgio La Pira. 260 $aFirenze :$bFondazione La Pira,$c1996. 300 $a87 p. ;$c21 cm. 500 $aFondo Card. C.M. Martini. 650 4$aDemocrazia e Costituzione - Italia - Sec. 20.$0(OLS)http://semarc/subject/24728 850 $aSeMil 852 $aSeMil$W1$xVenegono$y1$m5D VII 11/6$j80878$B80878$CSeMilBibl$Z2$F112966 $81 941 1 $a4 961 $aOmaggio: Martini Card. Carlo Maria 996 $6245$aArchitettura di uno stato democratico$9(OLS)http://semarc/title/186547 996 $6260$aFirenze :$bFondazione La Pira$9(OLS)http://semarc/publisher/46478